| Tag |
First Indicator |
Second Indicator |
Subfields |
| LEADER |
00000cam a2200000 i 4500 |
| 001 |
in00000029774 |
| 005 |
20151007062930.0 |
| 008 |
780822s1949 enk 00001 eng d |
| 035 |
|
|
|a (OCoLC)04159112
|
| 035 |
|
|
|9 AAD6130AM
|
| 040 |
|
|
|a EZA
|c EZA
|d TXA
|d UtOrBLW
|
| 049 |
|
|
|a TXAM
|c [471841]
|
| 090 |
|
|
|a PR6045.I5
|b D4 1949
|
| 092 |
|
|
|a 823
|b W722d
|
| 100 |
1 |
|
|a Williams, Charles,
|d 1886-1945.
|
| 245 |
1 |
0 |
|a Descent into hell.
|
| 264 |
|
1 |
|a London :
|b Faber & Faber,
|c 1949.
|
| 300 |
|
|
|a 222 pages ;
|c 21 cm.
|
| 336 |
|
|
|a text
|b txt
|2 rdacontent
|
| 337 |
|
|
|a unmediated
|b n
|2 rdamedia
|
| 338 |
|
|
|a volume
|b nc
|2 rdacarrier
|
| 500 |
|
|
|a A novel.
|
| 500 |
|
|
|a New edition.
|
| 999 |
|
|
|a MARS
|
| 999 |
f |
f |
|s 799d1a88-1f7a-3308-9132-8d1cae3623ac
|i 83a8640d-7402-3ea8-aeea-8127b8e65084
|t 0
|
| 952 |
f |
f |
|p normal
|a Texas A&M University
|b College Station
|c Sterling C. Evans Library
|d Evans: Library Stacks
|t 0
|e PR6045.I5 D4 1949
|h Library of Congress classification
|i unmediated -- volume
|m A14824950614
|
| 998 |
f |
f |
|a PR6045.I5 D4 1949
|t 0
|l Evans: Library Stacks
|